La literatura valenciana / (Record no. 22507)
[ view plain ]
| 000 -LEADER | |
|---|---|
| campo de control de longitud fija | 00401nam a2200145 i 4500 |
| 001 - NÚMERO DE CONTROL | |
| campo de control | 22507 |
| 003 - IDENTIFICADOR DE NÚMERO DE CONTROL | |
| campo de control | ES-MaACL |
| 007 - CAMPO FIJO DE DESCRIPCIÓN FÍSICA--INFORMACIÓN GENERAL | |
| campo de control de longitud fija | t| |
| 008 - DATOS DE LONGITUD FIJA--INFORMACIÓN GENERAL | |
| campo de control de longitud fija | 021203s1934 sp ||||1| spa d |
| 100 1# - ENTRADA PRINCIPAL--NOMBRE DE PERSONA | |
| Nombre de persona | Almela i Vives, Francesc. |
| 9 (RLIN) | 20131 |
| 245 13 - MENCIÓN DEL TÍTULO | |
| Título | La literatura valenciana / |
| Mención de responsabilidad, etc. | por Francisco Almela y Vives. |
| 260 ## - PUBLICACIÓN, DISTRIBUCIÓN, ETC. | |
| Lugar de publicación, distribución, etc. | Valencia, |
| Fecha de publicación, distribución, etc. | 1934 ( |
| Fabricante | Miguel Juan) |
| 300 ## - DESCRIPCIÓN FÍSICA | |
| Extensión | 63 p. ; |
| Dimensiones | 17 cm. |
| 852 ## - LOCALIZACIÓN | |
| Ubicación | ES-MaACL |
| Número de control de estantería | B-8434 |
| Estatus retirado | Estado de pérdida | Estado de daño | No para préstamo | Biblioteca de origen | Biblioteca actual | Ubicación en estantería | Fecha de adquisición | Fuente de adquisición | Total de préstamos | Signatura topográfica completa | Código de barras | Visto por última vez | Precio de reemplazo | Tipo de ítem Koha |
|---|---|---|---|---|---|---|---|---|---|---|---|---|---|---|
| Biblioteca del Ateneo de Madrid | Biblioteca del Ateneo de Madrid | Sala Pardo Bazán | 17/01/2008 | B-8434 | 1023167 | 23/02/2023 | 23/02/2023 | Libro impreso |
